000 02926nam0a2200397 4500
001 RU\NLR\BIBL_A\010800304
005 20260518154625.0
010 _a978-5-91879-465-4
_9200
021 _aRU
_b2015-40466
_92408
021 _aRU
_b2016-44654
_92865
035 _a(NLR Aleph) 010800304
035 _a(NILC)RuMoRGB-007943232
090 _a10156600
_c10156600
100 _a20150721d2015 k y0rusy50 ca
101 0 _arus
102 _aRU
105 _ay z 100yy
200 1 _aФизкультурно-оздоровительный комплекс "Готов к труду и обороне" и развитие массового спорта в России
_eматериалы Всероссийской научно-практической конференции с международным участием, 17-18 февраля 2015 г., г. Ртищево - Балашов
_fпод общ. ред. А. В. Тимушкина, Н. В. Тимушкиной
210 _aСаратов
_cСаратовский источник
_d2015
215 _a290 с.
_d20
300 _aВ надзаг.: Балашовский ин-т (фил.) ФГБОУ ВПО "Саратовский гос. ун-т им. Н. Г. Чернышевского"
320 _aБиблиогр. в конце отд. ст. и в подстроч. примеч.
606 1 _aФизическая культура и спорт
_xМассовая работа
_yРоссийская Федерация
_jСъезды, совещания и т.п
_2nlr_sh2
_3RU\NLR\AUTH\6601661775
606 1 _a"Готов к труду и обороне", всероссийский физкультурно-спортивный комплекс
_jСъезды, совещания и т.п
_2nlr_sh2
_3RU\NLR\AUTH\6601566637
606 1 _aУчащиеся
_xФизическое воспитание
_jСъезды, совещания и т.п
_2nlr_sh2
_3RU\NLR\AUTH\661464227
606 1 _aУчащиеся
_xВоспитание здорового образа жизни
_jСъезды, совещания и т.п
_2nlr_sh2
_3RU\NLR\AUTH\661454645
686 1 _aЧ511.172е(2Р)я431
686 1 _aЧ511.1,6(2)31я431
686 1 _aЧ313.54я431
702 1 _aТимушкин
_bА. В.
_gАлександр Владимирович
_4340
711 1 2 _a"Физкультурно-оздоровительный комплекс "Готов к труду и обороне" и развитие массового спорта в России", всероссийская научно-практическая конференция с международным участием
_f2015
_eРтищево/Балашов
_3RU\NLR\AUTH\880404730
801 0 _aRU
_bРГБ
_c20150601
_gRCR
942 _cBOOK
980 _aNB